Code Of Civil Procedure 1908 (Record no. 682232)

MARC details
000 -LEADER
fixed length control field 00271nam a2200109Ia 4500
008 - FIXED-LENGTH DATA ELEMENTS--GENERAL INFORMATION
fixed length control field 230627s9999 xx 000 0 und d
041 ## - LANGUAGE CODE
Language code of text/sound track or separate title eng
082 ## - DEWEY DECIMAL CLASSIFICATION NUMBER
Classification number 347
Item number SAH
100 ## - MAIN ENTRY--PERSONAL NAME
Personal name Saha A. N.
245 ## - TITLE STATEMENT
Title Code Of Civil Procedure 1908
260 ## - PUBLICATION, DISTRIBUTION, ETC.
Place of publication, distribution, etc. Calcutta
Name of publisher, distributor, etc. Eastern Law House
Holdings
Withdrawn status Lost status Damaged status Not for loan Collection Home library Current library Date acquired Cost, normal purchase price Total Checkouts Full call number Barcode Date last seen Price effective from Koha item type
Withdrawn       NLP LL.B New Law College, Pune New Law College, Pune 31/03/1983 25.00   347 SAH NLP-N01430 17/07/2023 17/07/2023 Book